[Event "57.C.to Provinciale RM ITA"]
[Site "Roma ITA"]
[Date "1997.10.23"]
[Round "1.27"]
[White "Patarca, Piero"]
[Black "Barro, Carlo"]
[Result "0-1"]
[WhiteElo "1200"]
[BlackElo "1747"]
[Annotator "Gabriele Ballarin"]
[PlyCount "110"]
[EventDate "1997.10.23"]
[EventType "swiss"]
[EventRounds "6"]
[EventCountry "ITA"]

1. e4 d6 2. d4 Nf6 3. Nc3 g6 4. e5 dxe5 5. dxe5 Qxd1+ 6. Nxd1 Ng4 7. f4 Bg7 8. Ne3 Nxe3 9. Bxe3 Be6 10. Nf3 O-O 11. Nd4 Bd5 12. O-O-O e6 13. Nb5 Na6 14. Nc3 Bc6 15. Rg1 Nb4 16. Bc5 a5 17. Bxf8 Bxf8 18. a3 Na6 19. Bxa6 bxa6 20. Rd3 Bc5 21. Rgd1 Kf8 22. Rd8+ Rxd8 23. Rxd8+ Ke7 24. Rh8 h5 25. g3 Bg1 26. h3 Bf2 27. g4 hxg4 28. hxg4 Be3+ 29. Kb1 Bxf4 30. Na2 Bxe5 31. Rh3 Kf6 32. b4 a4 33. Re3 Bd4 34. Rd3 e5 35. c3 Be4 36. Kc2 Be3 37. Nc1 Bxc1 38. Kxc1 Bxd3 39. Kd2 Bc4 40. Ke3 Kg5 41. Ke4 f6 42. Kf3 c6 43. Kg3 Be2 44. Kf2 Bxg4 45. c4 Be6 46. c5 Kf4 47. Ke1 g5 48. Kf2 g4 49. Kf1 Bc4+ 50. Kf2 g3+ 51. Kg1 e4 52. Kg2 e3 53. Kg1 e2 54. b5 e1=Q+ 55. Kg2 Bd5+ 0-1

[Event "57.C.to Provinciale RM ITA"]
[Site "Roma ITA"]
[Date "1997.10.23"]
[Round "1.28"]
[White "Gardon, Ermanno"]
[Black "Pomponi, Claudio"]
[Result "1-0"]
[WhiteElo "1722"]
[BlackElo "1200"]
[Annotator "Gabriele Ballarin"]
[PlyCount "67"]
[EventDate "1997.10.23"]
[EventType "swiss"]
[EventRounds "6"]
[EventCountry "ITA"]

1. e4 e6 2. d4 d5 3. Nc3 Bb4 4. exd5 exd5 5. Bd3 c5 6. dxc5 Nc6 7. Bb5 Nge7 8. Be3 O-O 9. Bxc6 Nxc6 10. Nge2 Bxc3+ 11. bxc3 Re8 12. O-O Bg4 13. h3 Bxe2 14. Qxe2 d4 15. cxd4 Nxd4 16. Qd3 Nc6 17. Rab1 Qc7 18. Qd6 Re7 19. Bf4 Qxd6 20. cxd6 Rd7 21. Rfe1 Rad8 22. Re4 b6 23. Rc4 Na5 24. Rc7 Nb7 25. Re1 Kf8 26. Re7 Rxc7 27. Rxc7 Nxd6 28. Rxa7 Ne4 29. f3 Nd2 30. Bc7 Rc8 31. Bxb6 Rxc2 32. a4 Ke8 33. a5 Nc4 34. Rc7 1-0

[Event "57.C.to Provinciale RM ITA"]
[Site "Roma ITA"]
[Date "1997.10.23"]
[Round "1.29"]
[White "Quattrone, Luca"]
[Black "De Carolis, Maurizio"]
[Result "0-1"]
[WhiteElo "1200"]
[BlackElo "1702"]
[Annotator "Gabriele Ballarin"]
[PlyCount "70"]
[EventDate "1997.10.23"]
[EventType "swiss"]
[EventRounds "6"]
[EventCountry "ITA"]

1. d4 d6 2. Nf3 Nf6 3. c4 g6 4. Bg5 Bg7 5. Nc3 O-O 6. e3 Nbd7 7. Be2 c5 8. d5 h6 9. Bh4 g5 10. Bg3 Nh5 11. Qc2 Nxg3 12. hxg3 f5 13. Rh5 Nf6 14. Rh1 Qa5 15. Nd2 Bd7 16. f3 a6 17. Kf2 Rae8 18. e4 fxe4 19. Ndxe4 Ng4+ 20. Ke1 Ne3 21. Qd3 Nf5 22. g4 b5 23. Nd2 Ng3 24. Rxh6 Bxh6 25. Qg6+ Bg7 26. Bd3 Rf6 27. Qxg5 Rh6 28. Kf2 Nh1+ 29. Ke3 Kh8 30. Rf1 Rg8 31. Nde4 Bd4+ 32. Kf4 Rxg5 33. Kxg5 Kg7 34. f4 Bf6+ 35. Nxf6 exf6# 0-1

[Event "57.C.to Provinciale RM ITA"]
[Site "Roma ITA"]
[Date "1997.10.23"]
[Round "1.30"]
[White "Russi, Roberto"]
[Black "Sargenti, Marco"]
[Result "1-0"]
[WhiteElo "1690"]
[BlackElo "1200"]
[Annotator "Gabriele Ballarin"]
[PlyCount "81"]
[EventDate "1997.10.23"]
[EventType "swiss"]
[EventRounds "6"]
[EventCountry "ITA"]

1. c4 Nf6 2. Nc3 g6 3. d4 Bg7 4. g3 O-O 5. Bg2 d6 6. e4 c6 7. Nge2 a6 8. a4 b6 9. O-O Re8 10. h3 Bb7 11. Be3 Nbd7 12. Qd2 b5 13. axb5 axb5 14. e5 dxe5 15. cxb5 cxb5 16. Bxb7 Rb8 17. Bc6 Rf8 18. dxe5 Nxe5 19. Qxd8 Rfxd8 20. Bxb5 Nd5 21. Rad1 Nxc3 22. Rxd8+ Rxd8 23. bxc3 h6 24. Kg2 g5 25. Bd4 Nd7 26. Bxg7 Kxg7 27. Rd1 Rb8 28. Bxd7 Rb2 29. Nd4 e6 30. g4 Rb7 31. Bb5 f5 32. Nxe6+ Kf6 33. Nd4 fxg4 34. hxg4 Rb8 35. Re1 Rc8 36. Re6+ Kf7 37. Rc6 Rxc6 38. Bxc6 Kf6 39. Kf3 Kg6 40. Be4+ Kf6 41. Nc6 1-0

[Event "57.C.to Provinciale RM ITA"]
[Site "Roma ITA"]
[Date "1997.10.23"]
[Round "1.32"]
[White "Piccioni, Marco"]
[Black "Trifoni, Giorgio"]
[Result "1-0"]
[WhiteElo "1651"]
[BlackElo "1200"]
[Annotator "Gabriele Ballarin"]
[PlyCount "55"]
[EventDate "1997.10.23"]
[EventType "swiss"]
[EventRounds "6"]
[EventCountry "ITA"]

1. e4 e5 2. Nf3 Nc6 3. Bc4 f5 4. d3 f4 5. O-O Bc5 6. c3 a5 7. d4 exd4 8. cxd4 Be7 9. Bxf4 d6 10. Nc3 Bg4 11. Bb5 Bd7 12. Re1 Nf6 13. e5 dxe5 14. Nxe5 Nxe5 15. dxe5 Nh5 16. Qxh5+ g6 17. Qe2 c6 18. Rad1 Qb6 19. e6 Bc8 20. Qe5 O-O 21. Be3 c5 22. Nd5 Bd6 23. Nxb6 Bxe5 24. Bh6 Bg7 25. Bxg7 Bxe6 26. Bxf8 Rxf8 27. Rxe6 Rf7 28. Rd7 1-0

[Event "57.C.to Provinciale RM ITA"]
[Site "Roma ITA"]
[Date "1997.10.24"]
[Round "2.14"]
[White "Calabrini, Alessandro"]
[Black "Tinari, Marco"]
[Result "0-1"]
[WhiteElo "1400"]
[BlackElo "1857"]
[Annotator "Gabriele Ballarin"]
[PlyCount "98"]
[EventDate "1997.10.23"]
[EventType "swiss"]
[EventRounds "6"]
[EventCountry "ITA"]

1. e4 d6 2. Bc4 Nf6 3. d3 g6 4. Bg5 Bg7 5. h3 Nbd7 6. Nf3 a6 7. a3 b5 8. Ba2 Nc5 9. Nc3 Be6 10. Bxf6 Bxf6 11. d4 Bxa2 12. Rxa2 Nd7 13. O-O c5 14. Nd5 Bg7 15. c3 O-O 16. Ne3 Rc8 17. Ng4 Qc7 18. Ra1 cxd4 19. cxd4 Qc2 20. Qxc2 Rxc2 21. Rab1 Rfc8 22. Rfe1 Nb6 23. Ne3 R2c7 24. e5 dxe5 25. dxe5 Rc5 26. Ng4 h5 27. Ne3 e6 28. Nf1 Nc4 29. b4 Rd5 30. Rbc1 Rcd8 31. Ne3 Nxe3 32. Rxe3 Bh6 33. Rce1 Bxe3 34. Rxe3 Rd3 35. Rxd3 Rxd3 36. Kh2 Rxa3 37. Nd4 Rc3 38. f4 Rc4 39. Nb3 Rxb4 40. Nc5 a5 41. Kg3 a4 42. Kf3 a3 43. g4 hxg4+ 44. Kxg4 a2 45. Kg5 a1=Q 46. Nd7 Qg1+ 47. Kh6 Rxf4 48. Nf6+ Rxf6 49. exf6 Qe3# 0-1

[Event "57.C.to Provinciale RM ITA"]
[Site "Roma ITA"]
[Date "1997.10.24"]
[Round "2.15"]
[White "Giangregorio, Pasquale"]
[Black "Piccioni, Marco"]
[Result "1/2-1/2"]
[WhiteElo "1839"]
[BlackElo "1651"]
[Annotator "Gabriele Ballarin"]
[PlyCount "54"]
[EventDate "1997.10.23"]
[EventType "swiss"]
[EventRounds "6"]
[EventCountry "ITA"]

1. c4 e6 2. e4 d5 3. cxd5 exd5 4. exd5 Nf6 5. Nf3 Nxd5 6. Nc3 Be7 7. Bb5+ c6 8. Bc4 Nf6 9. O-O O-O 10. d4 Nbd7 11. Re1 Nb6 12. Bb3 Re8 13. Bf4 Bg4 14. h3 Bf5 15. Be5 Nfd5 16. Nxd5 Nxd5 17. g4 Bg6 18. Bh2 f6 19. Nh4 Bf7 20. Nf5 Bf8 21. Rxe8 Qxe8 22. Nd6 Bxd6 23. Bxd6 Qd7 24. Bg3 Rd8 25. Qd2 Nc7 26. Qb4 Ne6 27. Bxe6 Bxe6 {=} 1/2-1/2

[Event "57.C.to Provinciale RM ITA"]
[Site "Roma ITA"]
[Date "1997.10.24"]
[Round "2.16"]
[White "Vignato, Giovanni"]
[Black "Vona, Francesco"]
[Result "1-0"]
[WhiteElo "2150"]
[BlackElo "1200"]
[Annotator "Gabriele Ballarin"]
[PlyCount "39"]
[EventDate "1997.10.23"]
[EventType "swiss"]
[EventRounds "6"]
[EventCountry "ITA"]

1. c4 Nf6 2. Nc3 g6 3. e4 d6 4. g3 Bg7 5. Bg2 O-O 6. Nge2 e5 7. O-O Nbd7 8. d3 c6 9. b4 a5 10. b5 Nc5 11. d4 exd4 12. Nxd4 Qc7 13. bxc6 bxc6 14. e5 dxe5 15. Nxc6 e4 16. Nd4 Ba6 17. Bf4 Qc8 18. Ndb5 Bxb5 19. Nxb5 Nh5 20. Bd6 1-0

[Event "57.C.to Provinciale RM ITA"]
[Site "Roma ITA"]
[Date "1997.10.24"]
[Round "2.17"]
[White "Rossi De Gasperis, Pietro"]
[Black "Tripoli, Enrico"]
[Result "1/2-1/2"]
[WhiteElo "1800"]
[BlackElo "1600"]
[Annotator "Gabriele Ballarin"]
[PlyCount "67"]
[EventDate "1997.10.23"]
[EventType "swiss"]
[EventRounds "6"]
[EventCountry "ITA"]

1. e4 e6 2. d4 d5 3. e5 c5 4. c3 Qb6 5. Nf3 Nc6 6. a3 Bd7 7. b4 cxd4 8. cxd4 Rc8 9. Bb2 f6 10. Nc3 Qc7 11. Bb5 fxe5 12. Bxc6 Bxc6 13. Nxe5 Nf6 14. O-O Bd6 15. f4 O-O 16. Qe2 Bxe5 17. fxe5 Ne4 18. Nxe4 dxe4 19. Rac1 Qb6 20. Qd2 Rxf1+ 21. Rxf1 Bd5 22. Qf4 Qc7 23. a4 h6 24. b5 Qa5 25. Qf7+ Kh7 26. Bc1 Qxa4 27. Be3 Qxb5 28. Rf6 Qb1+ 29. Kf2 Rc2+ 30. Kg3 Qe1+ 31. Bf2 Rxf2 32. Qg6+ Kg8 33. Qe8+ Kh7 34. Qg6+ 1/2-1/2

[Event "57.C.to Provinciale RM ITA"]
[Site "Roma ITA"]
[Date "1997.10.24"]
[Round "2.18"]
[White "Vannelli, Vittorio"]
[Black "Bonaposta, Fabrizio"]
[Result "0-1"]
[WhiteElo "1636"]
[BlackElo "1200"]
[Annotator "Gabriele Ballarin"]
[PlyCount "64"]
[EventDate "1997.10.23"]
[EventType "swiss"]
[EventRounds "6"]
[EventCountry "ITA"]

1. e4 c5 2. Nf3 Nc6 3. d4 cxd4 4. Nxd4 g6 5. Be3 Nf6 6. Nc3 Bg7 7. Be2 d6 8. O-O O-O 9. Nb3 Bd7 10. f4 a6 11. a4 Rc8 12. a5 Be6 13. Bb6 Qe8 14. Nd4 Nxd4 15. Bxd4 Bc4 16. e5 dxe5 17. Bxe5 Bxe2 18. Qxe2 Qc6 19. Rfd1 e6 20. Rd4 Rfd8 21. Qd2 Rxd4 22. Qxd4 Bf8 23. Kh1 Ng4 24. Rf1 f6 25. Ne4 fxe5 26. fxe5 Qc4 27. Nf6+ Nxf6 28. Qf2 Nd7 29. Qf7+ Kh8 30. Rd1 Nb8 31. Qf6+ Bg7 32. Qf7 Rf8 0-1

[Event "57.C.to Provinciale RM ITA"]
[Site "Roma ITA"]
[Date "1997.10.24"]
[Round "2.19"]
[White "Procaccini, Luciano"]
[Black "Palombi, Roberto"]
[Result "0-1"]
[WhiteElo "1400"]
[BlackElo "2055"]
[Annotator "Gabriele Ballarin"]
[PlyCount "126"]
[EventDate "1997.10.23"]
[EventType "swiss"]
[EventRounds "6"]
[EventCountry "ITA"]

1. d4 Nf6 2. c4 e6 3. Bg5 c5 4. e3 Nc6 5. Nf3 h6 6. Bf4 Qb6 7. b3 g5 8. Bg3 cxd4 9. Nxd4 Bb4+ 10. Ke2 Ne4 11. Nxc6 Qxc6 12. Qd4 f6 13. f3 Nxg3+ 14. hxg3 Kf7 15. Kf2 d6 16. Nc3 Bxc3 17. Qxc3 a5 18. Bd3 Bd7 19. Qd4 Qc5 20. Qb2 Bc6 21. Rh5 Kg7 22. Rah1 Raf8 23. f4 e5 24. Qd2 Be8 25. R5h3 Bd7 26. f5 Rd8 27. g4 d5 28. cxd5 Qxd5 29. Qc3 Bc6 30. e4 Qd4+ 31. Qxd4 Rxd4 32. Ke3 a4 33. Rb1 Rhd8 34. Ke2 Bxe4 35. Bxe4 Rxe4+ 36. Re3 Rxg4 37. bxa4 Rd7 38. Kf3 Rxa4 39. Rb2 h5 40. g3 h4 41. gxh4 Rxh4 42. Re4 Rh3+ 43. Kg2 Rhd3 44. Kf2 Kh6 45. Rb6 Rd2+ 46. Re2 Rxe2+ 47. Kxe2 g4 48. Rxf6+ Kg5 49. Rf8 Kf4 50. f6 Rc7 51. Re8 g3 52. Re7 Rc6 53. f7 Rf6 54. Rxb7 e4 55. a4 Kg4 56. Ke3 g2 57. f8=Q Rxf8 58. Rg7+ Kh3 59. Rh7+ Kg3 60. Rg7+ Kh2 61. Rh7+ Kg1 62. a5 Kf1 63. Rb7 g1=Q+ 0-1

[Event "57.C.to Provinciale RM ITA"]
[Site "Roma ITA"]
[Date "1997.10.24"]
[Round "2.20"]
[White "Abuhamdieh, Arafat"]
[Black "Reibaldi, Michele"]
[Result "1-0"]
[WhiteElo "1294"]
[BlackElo "1400"]
[Annotator "Gabriele Ballarin"]
[PlyCount "105"]
[EventDate "1997.10.23"]
[EventType "swiss"]
[EventRounds "6"]
[EventCountry "ITA"]

1. e4 a6 2. d4 b5 3. Nf3 Bb7 4. Bd3 e6 5. O-O Nf6 6. Re1 Be7 7. e5 Nd5 8. a3 c5 9. c4 bxc4 10. Bxc4 f5 11. Nc3 Nxc3 12. bxc3 cxd4 13. cxd4 O-O 14. Qb3 Bxf3 15. Qxf3 Nc6 16. Qd3 Re8 17. Bxa6 Bf8 18. Bc4 d5 19. Bb5 Qb6 20. Rb1 Rec8 21. Bxc6 Qxc6 22. h3 Qc3 23. Qxc3 Rxc3 24. Rb6 Kf7 25. Rb7+ Ke8 26. Bb2 Rc4 27. Re3 f4 28. Rf3 Rc2 29. Rxf4 Bxa3 30. Bxa3 Rxa3 31. Rff7 Rd2 32. Rxg7 Kf8 33. Rxh7 Kg8 34. Rhe7 Kf8 35. Rec7 Ra1+ 36. Kh2 Ra8 37. Rf7+ Kg8 38. Rf4 Rf8 39. Rg4+ Kh8 40. Kg3 Rfxf2 41. Kh4 Rxg2 42. Rxg2 Rxg2 43. Re7 Rd2 44. Rxe6 Rxd4+ 45. Kg5 Kg7 46. Rg6+ Kf7 47. h4 Rg4+ 48. Kxg4 Kxg6 49. h5+ Kg7 50. Kf5 d4 51. Ke4 Kh6 52. e6 Kg7 53. h6+ 1-0

[Event "57.C.to Provinciale RM ITA"]
[Site "Roma ITA"]
[Date "1997.10.24"]
[Round "2.21"]
[White "Zarfati, Daniele"]
[Black "Scagliarini, Valentina"]
[Result "0-1"]
[WhiteElo "1400"]
[BlackElo "1642"]
[Annotator "Gabriele Ballarin"]
[PlyCount "105"]
[EventDate "1997.10.23"]
[EventType "swiss"]
[EventRounds "6"]
[EventCountry "ITA"]

1. d4 d5 2. c4 e6 3. Nc3 Nf6 4. Nf3 Be7 5. Bf4 a6 6. e3 dxc4 7. Bxc4 b5 8. Bd3 Bb7 9. Qe2 Nbd7 10. Rc1 Rc8 11. O-O O-O 12. Rc2 c5 13. b3 Qb6 14. dxc5 Nxc5 15. Rd1 Rfd8 16. Ne1 Rd7 17. f3 Rcd8 18. Rcd2 Nxd3 19. Rxd3 Rxd3 20. Rxd3 Bc5 21. Nc2 h6 22. b4 Be7 23. Kf1 Bd5 24. Nxd5 Nxd5 25. a3 Nxf4 26. exf4 Rc8 27. f5 Rc6 28. Nd4 Rc1+ 29. Kf2 Bf6 30. Qe3 Rc4 31. Ne2 Qxe3+ 32. Rxe3 exf5 33. Re8+ Kh7 34. Ra8 Rc6 35. Ra7 Bb2 36. Rxf7 Kg6 37. Rd7 Bxa3 38. Rd4 Kf6 39. Ke3 Bb2 40. Rd2 Be5 41. f4 Bd6 42. Nd4 Rc3+ 43. Rd3 Rxd3+ 44. Kxd3 Bxb4 45. Nc6 Bd6 46. g3 Ke6 47. Kc3 Kd5 48. Nd4 g6 49. Nb3 Bc5 50. Kd3 Bg1 51. h4 Bh2 52. Ke3 Bxg3 53. Kf3 0-1

[Event "57.C.to Provinciale RM ITA"]
[Site "Roma ITA"]
[Date "1997.10.24"]
[Round "2.24"]
[White "Dentale, Enrico"]
[Black "D'Agostini, Rodolfo"]
[Result "0-1"]
[WhiteElo "1600"]
[BlackElo "1200"]
[Annotator "Gabriele Ballarin"]
[PlyCount "94"]
[EventDate "1997.10.23"]
[EventType "swiss"]
[EventRounds "6"]
[EventCountry "ITA"]

1. d4 d5 2. c4 e6 3. Nc3 Nf6 4. Bg5 Be7 5. Nf3 h6 6. Bh4 b6 7. cxd5 Nxd5 8. Bxe7 Qxe7 9. Nxd5 exd5 10. Rc1 c6 11. Ne5 Qb4+ 12. Qd2 Qxd2+ 13. Kxd2 Bb7 14. e3 O-O 15. b4 b5 16. Bd3 a5 17. bxa5 Rxa5 18. Rc2 Rd8 19. Rhc1 Ra6 20. Bf5 Rd6 21. Nd3 Ra4 22. Nc5 Ra7 23. Rb1 Rf6 24. Bd3 Rxf2+ 25. Ke1 Rxc2 26. Bxc2 Rxa2 27. Rc1 Ba8 28. Nd3 Na6 29. Kf2 b4 30. Kf3 g6 31. Bb3 Ra3 32. Rb1 Bb7 33. h3 h5 34. g4 Bc8 35. Rb2 hxg4+ 36. hxg4 f6 37. e4 Be6 38. e5 Kg7 39. Kf4 g5+ 40. Kg3 fxe5 41. Nxe5 c5 42. Nf3 c4 43. Nxg5 Bg8 44. Kf4 Rxb3 45. Re2 c3 46. Nf3 Rb2 47. Re1 c2 0-1

[Event "57.C.to Provinciale RM ITA"]
[Site "Roma ITA"]
[Date "1997.10.24"]
[Round "2.25"]
[White "Franceschi, Riccardo"]
[Black "Elia, Alessio"]
[Result "0-1"]
[WhiteElo "1836"]
[BlackElo "1600"]
[Annotator "Gabriele Ballarin"]
[PlyCount "87"]
[EventDate "1997.10.23"]
[EventType "swiss"]
[EventRounds "6"]
[EventCountry "ITA"]

1. e4 d6 2. d4 Nf6 3. Nc3 g6 4. Nf3 Bg7 5. Bb5+ c6 6. Bc4 O-O 7. O-O Nxe4 8. Be3 Nxc3 9. bxc3 d5 10. Be2 Bg4 11. h3 Bxf3 12. Bxf3 e5 13. dxe5 Bxe5 14. Qd2 Qa5 15. Rab1 Bxc3 16. Qd3 b6 17. Rb3 Bg7 18. Be2 Qxa2 19. c3 Qxb3 20. h4 Qxc3 21. Qd1 d4 22. Bd2 Qc5 23. Qb1 Qe5 24. Bf3 a5 25. Re1 Qb5 26. Qa2 Nd7 27. Rc1 Ne5 28. Be4 Rac8 29. f4 Nd3 30. Rb1 Nb4 31. Qb3 c5 32. h5 Qe2 33. hxg6 Qxe4 34. gxh7+ Qxh7 35. Rf1 d3 36. Rf3 Bd4+ 37. Be3 Bxe3+ 38. Rxe3 Qg7 39. Re5 Rc6 40. Rh5 Qd4+ 41. Kh1 Qxf4 42. Qb2 Rh6 43. Rxh6 Qxh6+ 44. Kg1 0-1

[Event "57.C.to Provinciale RM ITA"]
[Site "Roma ITA"]
[Date "1997.10.24"]
[Round "2.26"]
[White "Fiore, Danilo"]
[Black "Nuti, Raoul"]
[Result "1-0"]
[WhiteElo "1600"]
[BlackElo "1200"]
[Annotator "Gabriele Ballarin"]
[PlyCount "65"]
[EventDate "1997.10.23"]
[EventType "swiss"]
[EventRounds "6"]
[EventCountry "ITA"]

1. e4 c5 2. c3 d6 3. d4 cxd4 4. cxd4 Nf6 5. Nc3 a6 6. Nf3 e6 7. Bd3 Be7 8. O-O O-O 9. Bc2 Nc6 10. a3 Qc7 11. Bg5 b5 12. d5 Na5 13. Nd4 e5 14. Nde2 Nc4 15. b3 Nb6 16. f4 exf4 17. Bxf4 Ng4 18. Kh1 Bf6 19. Qd3 Qc5 20. e5 g6 21. exf6 Nf2+ 22. Rxf2 Qxf2 23. Be3 Qxf6 24. Bxb6 Bf5 25. Qf3 Qg5 26. Bxf5 Qxf5 27. Qxf5 gxf5 28. Rf1 Rfe8 29. Rxf5 Rac8 30. h4 Re7 31. Rg5+ Kf8 32. Bd4 Ke8 33. Rg7 1-0

[Event "57.C.to Provinciale RM ITA"]
[Site "Roma ITA"]
[Date "1997.10.24"]
[Round "2.27"]
[White "Palermo, Stefano"]
[Black "Tamburini, Massimiliano"]
[Result "1-0"]
[WhiteElo "1200"]
[BlackElo "1549"]
[Annotator "Gabriele Ballarin"]
[PlyCount "83"]
[EventDate "1997.10.23"]
[EventType "swiss"]
[EventRounds "6"]
[EventCountry "ITA"]

1. f4 b6 2. Nf3 Bb7 3. e3 d6 4. d4 Nf6 5. Bd3 e6 6. O-O h5 7. Nbd2 Nd5 8. Qe2 h4 9. c4 Nf6 10. e4 h3 11. f5 exf5 12. exf5+ Qe7 13. b3 Qxe2 14. Bxe2 hxg2 15. Kxg2 Nc6 16. d5 Ne5 17. Bb2 Nxf3 18. Nxf3 O-O-O 19. Rae1 Be7 20. Ng5 Ng4 21. Bxg4 Bxg5 22. Bxg7 Rhg8 23. f6+ Kb8 24. h3 Bc8 25. Bxc8 Kxc8 26. Kh2 Rde8 27. Rg1 Re5 28. Rxe5 Bf4+ 29. Kg2 dxe5 30. Kf3 Kd7 31. h4 Kd6 32. h5 Kc5 33. h6 Bxh6 34. Bxh6 Rxg1 35. Be3+ Kb4 36. Bxg1 Ka3 37. Ke4 Kxa2 38. b4 Kb3 39. c5 bxc5 40. Bxc5 Kc4 41. Bxa7 Kxb4 42. Bb8 1-0

[Event "57.C.to Provinciale RM ITA"]
[Site "Roma ITA"]
[Date "1997.10.24"]
[Round "2.28"]
[White "Colesanti, Ugo Maria"]
[Black "Patarca, Piero"]
[Result "1-0"]
[WhiteElo "1552"]
[BlackElo "1200"]
[Annotator "Gabriele Ballarin"]
[PlyCount "87"]
[EventDate "1997.10.23"]
[EventType "swiss"]
[EventRounds "6"]
[EventCountry "ITA"]

1. d4 Nf6 2. Nf3 g6 3. e3 c5 4. c4 Bg7 5. Nc3 O-O 6. Be2 cxd4 7. exd4 Qa5 8. O-O Nc6 9. Be3 d5 10. c5 Ne4 11. Nxd5 Be6 12. Nf4 Bf5 13. Qb3 Qb4 14. Bc4 Rfd8 15. Rad1 Rd7 16. Qxb4 Nxb4 17. Ne5 Bxe5 18. dxe5 Rad8 19. Rxd7 Rxd7 20. e6 Rc7 21. exf7+ Kf8 22. Ne6+ Bxe6 23. Bxe6 Kg7 24. Bh6+ Kf6 25. f8=Q+ Kxe6 26. Qg8+ Kd7 27. Rd1+ Kc6 28. Qe8+ Kxc5 29. Be3+ Kc4 30. Rc1+ Kd3 31. Rxc7 Nd5 32. Qd7 e6 33. Rc3+ Nexc3 34. bxc3 Kxc3 35. Qxe6 Nxe3 36. Qxe3+ Kb2 37. Qxa7 b5 38. Qa5 h6 39. Qxb5+ Kxa2 40. Qb4 g5 41. Kf1 h5 42. Ke1 g4 43. Kd1 Ka1 44. Kc1 1-0

[Event "57.C.to Provinciale RM ITA"]
[Site "Roma ITA"]
[Date "1997.10.24"]
[Round "2.29"]
[White "Pomponi, Claudio"]
[Black "Clifford, Roby"]
[Result "0-1"]
[WhiteElo "1200"]
[BlackElo "1400"]
[Annotator "Gabriele Ballarin"]
[PlyCount "88"]
[EventDate "1997.10.23"]
[EventType "swiss"]
[EventRounds "6"]
[EventCountry "ITA"]

1. f4 d5 2. Nf3 Nf6 3. e3 Bg4 4. d4 e6 5. Bd3 c5 6. c3 Nc6 7. O-O Bd6 8. Bd2 O-O 9. Be1 Qb6 10. Qc1 c4 11. Bc2 Bf5 12. h3 Be4 13. Bh4 Bxc2 14. Bxf6 Bxb1 15. Bxg7 Kxg7 16. Qxb1 f6 17. Nh4 Rfe8 18. Rf2 Ne7 19. Rf3 Ng6 20. Rg3 f5 21. Nf3 Be7 22. h4 Kh8 23. Ng5 h6 24. h5 Bxg5 25. fxg5 Ne7 26. gxh6 Rg8 27. Qe1 Rxg3 28. Qxg3 Rg8 29. Qe5+ Kh7 30. Rf1 Qd8 31. Qxe6 Qf8 32. Rf4 Rg4 33. Rf3 Re4 34. Qd6 Qxh6 35. Qg3 Qxh5 36. Kf2 Rg4 37. Qh3 Qh4+ 38. Qxh4+ Rxh4 39. b3 cxb3 40. axb3 Kg6 41. c4 Kf6 42. Rh3 Rxh3 43. gxh3 dxc4 44. bxc4 a5 0-1

[Event "57.C.to Provinciale RM ITA"]
[Site "Roma ITA"]
[Date "1997.10.24"]
[Round "2.30"]
[White "D'Amico, Roberto"]
[Black "Quattrone, Luca"]
[Result "1-0"]
[WhiteElo "1400"]
[BlackElo "1200"]
[Annotator "Gabriele Ballarin"]
[PlyCount "49"]
[EventDate "1997.10.23"]
[EventType "swiss"]
[EventRounds "6"]
[EventCountry "ITA"]

1. e4 d6 2. d4 g6 3. Nc3 Bg7 4. Be3 Nf6 5. f3 O-O 6. Qd2 Nbd7 7. Bh6 e5 8. Nge2 Nb6 9. Bxg7 Kxg7 10. b3 Bd7 11. h4 Rh8 12. g4 h6 13. O-O-O Qe7 14. h5 g5 15. Ng3 a6 16. Bd3 exd4 17. Nce2 Bb5 18. Nf5+ Kf8 19. Nxe7 Kxe7 20. Nxd4 Bxd3 21. Qxd3 a5 22. Nf5+ Ke6 23. Qc3 Rhd8 24. Qxc7 Ne8 25. Qe7# 1-0

[Event "57.C.to Provinciale RM ITA"]
[Site "Roma ITA"]
[Date "1997.10.24"]
[Round "2.31"]
[White "Sargenti, Marco"]
[Black "De Luca, Stefano"]
[Result "0-1"]
[WhiteElo "1200"]
[BlackElo "1400"]
[Annotator "Gabriele Ballarin"]
[PlyCount "52"]
[EventDate "1997.10.23"]
[EventType "swiss"]
[EventRounds "6"]
[EventCountry "ITA"]

1. e4 Nf6 2. e5 Nd5 3. d4 d6 4. f4 Bf5 5. Nc3 Nb6 6. Qf3 Nc6 7. Bb5 Bd7 8. Nge2 a6 9. Bxc6 Bxc6 10. d5 Nxd5 11. Nxd5 e6 12. Nxc7+ Qxc7 13. Qc3 dxe5 14. fxe5 O-O-O 15. O-O h6 16. Be3 f6 17. Qb3 Qxe5 18. Rad1 Bd6 19. Nd4 Qxh2+ 20. Kf2 Qxg2+ 21. Ke1 Bg3+ 22. Bf2 Qe4+ 23. Qe3 Qxe3+ 24. Ne2 Rxd1+ 25. Kxd1 Rd8+ 26. Ke1 Qd2# 0-1

[Event "57.C.to Provinciale RM ITA"]
[Site "Roma ITA"]
[Date "1997.10.24"]
[Round "2.32"]
[White "Palmucci, Lorenzo"]
[Black "Tamburrini, Andrea"]
[Result "1-0"]
[WhiteElo "1400"]
[BlackElo "1200"]
[Annotator "Gabriele Ballarin"]
[PlyCount "49"]
[EventDate "1997.10.23"]
[EventType "swiss"]
[EventRounds "6"]
[EventCountry "ITA"]

1. e4 c5 2. c3 Nc6 3. d4 cxd4 4. cxd4 e5 5. dxe5 Nxe5 6. Nf3 Bb4+ 7. Bd2 Bxd2+ 8. Nbxd2 Nxf3+ 9. Qxf3 Qf6 10. Bc4 Qxf3 11. Nxf3 Ne7 12. O-O O-O 13. Rfd1 Kh8 14. Ne5 f5 15. Nxd7 Rd8 16. Ne5 Rxd1+ 17. Rxd1 g6 18. Rd8+ Kg7 19. Re8 Kf6 20. Nd7+ Bxd7 21. Rxa8 a6 22. Rf8+ Ke5 23. Rf7 Kd6 24. e5+ Kc5 25. Rxe7 1-0

[Event "57.C.to Provinciale RM ITA"]
[Site "Roma ITA"]
[Date "1997.10.24"]
[Round "2.33"]
[White "Trifoni, Giorgio"]
[Black "Placchetta, Omero"]
[Result "1-0"]
[WhiteElo "1200"]
[BlackElo "1477"]
[Annotator "Gabriele Ballarin"]
[PlyCount "125"]
[EventDate "1997.10.23"]
[EventType "swiss"]
[EventRounds "6"]
[EventCountry "ITA"]

1. Nf3 Nf6 2. g3 d5 3. d4 Bg4 4. Bg2 Nbd7 5. O-O Bxf3 6. Bxf3 e5 7. dxe5 Nxe5 8. Nd2 c6 9. b3 Bb4 10. Bb2 d4 11. Bg2 Bc3 12. Bxc3 dxc3 13. Nf3 Nxf3+ 14. Bxf3 Qa5 15. Qd3 O-O 16. a4 Rfd8 17. Qc4 Rd2 18. b4 Qe5 19. Rac1 Rad8 20. b5 cxb5 21. Qxb5 Qxb5 22. axb5 b6 23. e3 Nd5 24. Be4 Nb4 25. Rb1 Nxc2 26. Rbc1 Na3 27. Rxc3 Nxb5 28. Rcc1 g6 29. Ra1 Nc3 30. Bf3 a5 31. Ra3 Na2 32. h4 f5 33. h5 Rc2 34. Bd1 Rb2 35. Bb3+ Kg7 36. Bxa2 Rdd2 37. Bc4 b5 38. Be6 Rd6 39. Rb3 Rxb3 40. Bxb3 a4 41. Bc2 Rd2 42. Rc1 a3 43. Bd1 b4 44. Ra1 Rb2 45. Kg2 a2 46. Ba4 gxh5 47. Kf3 Kf6 48. e4 fxe4+ 49. Kxe4 Rxf2 50. Bb3 Rb2 51. Bxa2 b3 52. Rf1+ Kg7 53. Bb1 Rd2 54. Ke3 Rd6 55. Ke2 b2 56. Bd3 Rb6 57. Rb1 h6 58. Kd2 Rf6 59. Kc3 Rf3 60. Rg1 Rf2 61. Bc2 Rf3+ 62. Kxb2 Kf6 63. Bd1 1-0

[Event "57.C.to Provinciale RM ITA"]
[Site "Roma ITA"]
[Date "1997.10.25"]
[Round "3.9"]
[White "Bonaposta, Fabrizio"]
[Black "Giangregorio, Pasquale"]
[Result "0-1"]
[WhiteElo "1200"]
[BlackElo "1839"]
[Annotator "Gabriele Ballarin"]
[PlyCount "84"]
[EventDate "1997.10.23"]
[EventType "swiss"]
[EventRounds "6"]
[EventCountry "ITA"]

1. e4 c6 2. d4 d5 3. exd5 cxd5 4. Bd3 Nf6 5. Nf3 Bg4 6. c3 Nc6 7. Bg5 e6 8. Nbd2 Be7 9. O-O O-O 10. Re1 Rc8 11. Qe2 Re8 12. h3 Bh5 13. Qe3 Bg6 14. Bxg6 hxg6 15. Ne5 Nxe5 16. dxe5 d4 17. Qxd4 Qxd4 18. cxd4 Nd5 19. Bxe7 Rxe7 20. Rec1 Rec7 21. Nb3 Nf4 22. Kf1 Nd3 23. Rxc7 Rxc7 24. Ke2 Nxb2 25. Rc1 Rxc1 26. Nxc1 Kf8 27. Nd3 Na4 28. Kd2 Ke7 29. Kc2 Kd7 30. Kb3 Nb6 31. Nc5+ Kc6 32. Kc3 Nd5+ 33. Kb3 Nf4 34. Ne4 Nxg2 35. Ng5 Kd5 36. Nxf7 Kxd4 37. Nd8 Kxe5 38. Nxb7 g5 39. Na5 Kd5 40. Nc4 Nf4 41. Ne3+ Ke4 42. Kc4 Nxh3 0-1